| 000 -LEADER |
| fixed length control field |
00536nam a22001697a 4500 |
| 005 - DATE AND TIME OF LATEST TRANSACTION |
| control field |
20250204145351.0 |
| 008 - FIXED-LENGTH DATA ELEMENTS--GENERAL INFORMATION |
| fixed length control field |
250204s2015 tu ||||| |||| 00| 0 tur d |
| 020 ## - INTERNATIONAL STANDARD BOOK NUMBER |
| International Standard Book Number |
9786050308549x |
| 041 ## - LANGUAGE CODE |
| Language code of text/sound track or separate title |
tur |
| 080 ## - UNIVERSAL DECIMAL CLASSIFICATION NUMBER |
| Universal Decimal Classification number |
581(560) A-81 |
| 245 ## - TITLE STATEMENT |
| Title |
ARTVİN’İN DOĞAL BİTKİLERİ / |
| Statement of responsibility, etc. |
Editor Özgür EMİNAĞAOĞLU. |
| 264 ## - PRODUCTION, PUBLICATION, DISTRIBUTION, MANUFACTURE, AND COPYRIGHT NOTICE |
| Place of production, publication, distribution, manufacture |
istanbul, |
| Date of production, publication, distribution, manufacture, or copyright notice |
2015. |
| 300 ## - PHYSICAL DESCRIPTION |
| Extent |
456 p.: |
| Other physical details |
ill.; |
| Dimensions |
25 cm. |
| 653 ## - INDEX TERM--UNCONTROLLED |
| keyword |
მცენარეები |
| 700 ## - ADDED ENTRY--PERSONAL NAME |
| Personal name |
EMİNAĞAOĞLU, Özgür |
| Relator term |
რედაქტორი |
| 9 (RLIN) |
24248 |
| 942 ## - ADDED ENTRY ELEMENTS (KOHA) |
| Source of classification or shelving scheme |
|
| Koha item type |
წიგნი |